| 000 | 00000nam 2200000za 4500 |
| 001 | 9.852219 |
| 003 | CaOODSP |
| 005 | 20251017123420 |
| 007 | cr ||||||||||| |
| 008 | 180222s2019 onc o f000 0 fre d |
| 020 | |a978-0-660-25313-8 |
| 040 | |aCaOODSP|bfre |
| 043 | |an-cn--- |
| 086 | 1 |aH164-231/2019F-PDF |
| 245 | 00|aLignes directrices canadiennes en matière d'alimentation à l'intention des professionnels de la santé et des responsables des politiques |h[ressource électronique]. |
| 260 | |aOttawa : |bSanté Canada, |c2019. |
| 300 | |a65 p. |
| 500 | |aLe fichier de publication en format PDF a été remplacé le 17-10-2025 à la requête de Santé Canada. |
| 500 | |aPubl. aussi en anglais sous le titre : Canada's dietary guidelines: for health professionals and policy makers. |
| 500 | |aTitre de la couv. |
| 504 | |aComprend des références bibliographiques. |
| 520 | |a« Les Lignes directrices canadiennes en matière d’alimentation font état des lignes directrices et considérations de Santé Canada en matière de saine alimentation. Ces lignes directrices visent à promouvoir la saine alimentation et le bien-être nutritionnel global tout en contribuant à l’amélioration de l’environnement alimentaire au Canada »--p. 1. |
| 692 | 07|2gccst|aLignes directrices |
| 692 | 07|2gccst|aAlimentation |
| 710 | 1 |aCanada. |bSanté Canada. |
| 775 | 08|tCanada's dietary guidelines for health professionals and policy makers |w(CaOODSP)9.852216 |
| 856 | 40|qPDF|s1.62 Mo|uhttps://publications.gc.ca/collections/collection_2019/sc-hc/H164-231-2019-fra.pdf |
| 856 | 4 |qHTML|sS.O.|uhttps://guide-alimentaire.canada.ca/fr/directrices/ |